[Event "33rd Arco Open"]
[Site "Arco ITA"]
[Date "2011.10.27"]
[Round "6"]
[White "Pistone,S"]
[Black "Buck,K1"]
[Result "1-0"]
[WhiteElo "1671"]
[BlackElo "1813"]

1.c4 c6 2.d4 Nf6 3.Nc3 e6 4.e4 d5 5.cxd5 exd5 6.e5 Ne4 7.Nf3 Bb4 8.Bd2 Bxc3
9.bxc3 Bg4 10.Be2 O-O 11.O-O h6 12.Re1 Nxd2 13.Qxd2 Nd7 14.Qe3 Nb6 15.Nd2 Be6
16.a4 Qd7 17.Reb1 Nc8 18.Rb2 Ne7 19.Nb3 b6 20.Rba2 a5 21.Bd3 Bf5 22.Rd1 Bxd3
23.Qxd3 Rad8 24.Qc2 Qg4 25.f3 Qg5 26.Qf2 Nf5 27.Rc2 Rfe8 28.Re1 Re6 29.Nd2 Rde8
30.Nf1 h5 31.f4 Qh4 32.Qxh4 Nxh4 33.Ng3 Rg6 34.f5 Rxg3 35.hxg3 Nxf5 36.Kf2 Re6
37.Rd2 Ne7 38.Rd3 g6 39.Rf3 c5 40.Rf6 cxd4 41.Rxe6 fxe6 42.cxd4 Nc6 43.Ke3 Nb4
44.Re2 Kg7 45.Rb2 Kh6 46.Rf2 Nc6 47.Rf7 Kg5 48.Rb7 Kg4 49.Rxb6 Nd8 50.Kf2 Kf5
51.Kf3 Nf7 52.Rb5 Ng5+ 53.Ke3 Kg4 54.Rxa5 Kxg3 55.Rb5 Ne4 56.Rb2 Nc3 57.Rb4 Na2
58.Rb8 g5 59.a5 Nc3 60.a6 Kxg2 61.a7 Nd1+ 62.Kd2 Nf2 63.a8=Q Ne4+ 64.Ke3 g4
65.Rb2+ Kh3 66.Qh8 h4 67.Qf8 Ng3 68.Qf2 Nf5+ 69.Kf4 g3 70.Qg2+  1-0

[Event "26th Le Touquet Open"]
[Site "Le Touquet FRA"]
[Date "2011.10.27"]
[Round "8.8"]
[White "Bianchi,Guilla"]
[Black "Alcaraz Ortega,J"]
[Result "0-1"]
[WhiteElo "2202"]
[BlackElo "2333"]

1.c4 c6 2.e4 d5 3.exd5 cxd5 4.cxd5 Nf6 5.Nc3 Nxd5 6.Nf3 Nxc3 7.bxc3 g6 8.d4 Bg7
9.Bd3 O-O 10.O-O Qc7 11.Qc2 Be6 12.Re1 Nc6 13.Rxe6 fxe6 14.Ng5 Nxd4 15.Qd1 Qxc3
16.Rb1 Rad8 17.Bb2 Qc5 18.Ne4 Qd5 19.Qg4 Nf5 20.Bc4 Qc6 21.Ng5 Bxb2 22.Nxe6 Rd4
23.Nxd4+ Qxc4 24.Nxf5 Qxg4 25.Nh6+ Kg7 26.Nxg4 Rc8 27.g3 Rc1+ 28.Rxc1 Bxc1
29.Kf1 Kf7 30.Ke2 Ke6 31.f4 Kd5 32.Kd3 b5 33.Nf2 Bb2 34.Ne4 a5 35.Ng5 h6
36.Nf3 e5 37.fxe5 Bxe5 38.g4 Bf6 39.h3 b4 40.Nd2 a4 41.Nc4 b3 42.axb3 axb3
43.Nb6+ Kc6 44.Nc4 Kc5 45.Nd2 b2 46.Kc2 Kd5 47.h4 Bxh4 48.Kxb2 Bg5 49.Nb3 Ke4
50.Kc2 Kf3 51.Kd3 Kxg4 52.Ke2 Kg3 53.Nd4 h5 54.Ne6 Bh6 55.Kf1 Be3 56.Nf8 h4
57.Nxg6 h3 58.Ne7 h2 59.Nf5+ Kh3 60.Nxe3 h1=Q+ 61.Kf2 Qe4 62.Nf1 Kg4 63.Ne3+ Kg5
64.Ng2 Qd3 65.Ne3 Kf4 66.Ng2+ Ke4 67.Kg1 Qe2 68.Kh1 Kf3 69.Nh4+ Kg3 70.Nf5+ Kh3  0-1

[Event "Chinese League"]
[Site "Qingdao CHN"]
[Date "2011.10.28"]
[Round "15"]
[White "Bu Xiangzhi"]
[Black "Chen Fan"]
[Result "1-0"]
[WhiteElo "2677"]
[BlackElo "2345"]

1.c4 c6 2.d4 d5 3.Nc3 Nf6 4.e3 a6 5.Qc2 b5 6.b3 Bg4 7.Nge2 Nbd7 8.Ng3 e6
9.h3 Bh5 10.Nxh5 Nxh5 11.Bd3 Nhf6 12.O-O Be7 13.Bb2 O-O 14.Ne2 Qb8 15.a4 Rc8
16.axb5 axb5 17.Rxa8 Qxa8 18.c5 g6 19.b4 Ne8 20.f3 Ng7 21.e4 Qb8 22.g4 Qc7
23.Kg2 Ra8 24.Qd2 Qd8 25.e5 f6 26.exf6 Bxf6 27.f4 Be7 28.Ng1 Nf6 29.Nf3 Ne4
30.Qc2 Ra4 31.Ne5 Qc8 32.Bxe4 dxe4 33.Qxe4 Rxb4 34.Rf2 Bh4 35.Nxc6 Ra4 36.Re2 Bf6
37.Kh2 Ra2 38.g5 Bd8 39.d5  1-0

[Event "15th OIBM"]
[Site "Bad Wiessee GER"]
[Date "2011.10.29"]
[Round "1.15"]
[White "Lenderman,A"]
[Black "Hopp,G"]
[Result "1-0"]
[WhiteElo "2562"]
[BlackElo "2017"]

1.c4 c6 2.d4 d5 3.Nf3 Nf6 4.e3 a6 5.Nbd2 Bf5 6.Nh4 Bg6 7.Be2 e6 8.g3 Bd6
9.O-O Nbd7 10.b3 O-O 11.Bb2 Re8 12.c5 Be7 13.b4 Ne4 14.Nxg6 hxg6 15.Nxe4 dxe4
16.Bc4 Nf6 17.Qc2 Qd7 18.Rfd1 Rec8 19.Rab1 g5 20.Bc1 g6 21.Rf1 Kg7 22.f3 exf3
23.Rxf3 Rh8 24.Bb2 Nd5 25.e4 g4 26.Rf2 Ne3 27.d5+ f6 28.dxe6 Qc7 29.Qc3 Nxc4
30.Rxf6 Ne5 31.Rf7+  1-0

[Event "TCh-NED Meesterklasse 2011-12"]
[Site "Netherlands NED"]
[Date "2011.10.29"]
[Round "2.10"]
[White "Bus,T"]
[Black "De Jong,JW"]
[Result "0-1"]
[WhiteElo "2186"]
[BlackElo "2424"]

1.c4 c6 2.g3 d5 3.Nf3 Nf6 4.Bg2 dxc4 5.O-O Nbd7 6.Qc2 Nb6 7.Na3 Be6 8.Ne5 g6
9.Naxc4 Nxc4 10.Nxc4 Bg7 11.d3 O-O 12.Bd2 Qd7 13.Rfc1 Rfd8 14.Rab1 Bd5 15.Bxd5 Nxd5
16.b4 h5 17.Qd1 h4 18.Qf1 Nc7 19.a4 Ne6 20.Qh3 hxg3 21.hxg3 Rac8 22.Be3 Bd4
23.Bxd4 Qxd4 24.Na5 Rc7 25.Rc4 Qe5 26.Re4 Qf6 27.Qh4 Qxh4 28.Rxh4 b5 29.Rc1 Nd4
30.Kf1 bxa4 31.Re4 f5 32.Re5 Rb8 33.Rc4 Nb3 34.Ke1 c5 35.bxc5 Nxa5 36.Rxa4 Nc6
37.Rd5 Kf7 38.g4 Ke6 39.e4 Rb4 40.gxf5+ gxf5 41.Rxb4 Nxb4  0-1

[Event "33rd Arco Open"]
[Site "Arco ITA"]
[Date "2011.10.30"]
[Round "9"]
[White "Lezzerini,Marco"]
[Black "Ziltener,W"]
[Result "0-1"]
[WhiteElo "1797"]
[BlackElo "2081"]

1.c4 c6 2.g3 d5 3.Nf3 Nf6 4.Bg2 e6 5.b3 Bd6 6.Bb2 Nbd7 7.O-O O-O 8.d3 Qe7
9.Nbd2 e5 10.cxd5 cxd5 11.Rc1 b6 12.e4 Nc5 13.Ne1 Ba6 14.exd5 Bxd3 15.b4 Bxf1
16.bxc5 Bxg2 17.cxd6 Qxd6 18.Nxg2 Qxd5 19.Nc4 Qxd1+ 20.Rxd1 Rad8 21.Re1 e4
22.Bxf6 gxf6 23.Rxe4 f5 24.Re7 Rd1+ 25.Re1 Rxe1+ 26.Nxe1 Rc8 27.Ne3 Rc1 28.Nc2 b5
29.a3 a5 30.Kf1 Rb1 31.Ke2 b4 32.Nd3 b3 33.Nd4 b2 34.Nxb2 Rxb2+ 35.Kf3 f4
36.gxf4 Kg7 37.Nf5+ Kg6 38.Ne3 Kh5 39.Kg3 Rb3 40.Kh3 Rb1 41.Nf5 Kg6 42.Ne3 Rg1
43.Kh4 Ra1 44.Kg3 Kf6 45.Kg4 Ke6 46.Kg3 Ra2 47.Kf3 Kd6 48.Nf5+ Kc5 49.Ne3 Rb2
50.Nf5 Rb3+ 51.Ne3 Kd4 52.Kg3 Ke4 53.Kg4 Rb8 54.Kg5 f5 55.h4 Rg8+ 56.Kh6 Kxf4
57.Kxh7 Rg1 58.h5 Ke4 59.h6 f4 60.Nc4 Kf3 61.Ne5+ Kxf2 62.Nd3+ Ke3  0-1

[Event "33rd Arco Open"]
[Site "Arco ITA"]
[Date "2011.10.30"]
[Round "9"]
[White "Gardini,E"]
[Black "Trimarchi,Giuseppe"]
[Result "0-1"]
[WhiteElo "1822"]
[BlackElo "1923"]

1.c4 c6 2.Nc3 Nf6 3.Nf3 d5 4.cxd5 Nxd5 5.d4 Nxc3 6.bxc3 Nd7 7.Bf4 Qa5 8.Bd2 Qc7
9.e4 e5 10.Bc4 Be7 11.Ng5 Bxg5 12.Bxg5 O-O 13.O-O Nb6 14.Bb3 Kh8 15.Qe2 f6
16.Bc1 Re8 17.Qd3 Be6 18.Bb2 Rad8 19.Qg3 a5 20.dxe5 Qxe5 21.Qxe5 fxe5 22.Rad1 Bc4
23.Rfe1 a4 24.Bxc4 Nxc4 25.Bc1 h6 26.Kf1 Rf8 27.Ke2 Kh7 28.Rd3 Rxf2+ 29.Kxf2 Rxd3  0-1

[Event "15th OIBM"]
[Site "Bad Wiessee GER"]
[Date "2011.10.30"]
[Round "2.50"]
[White "Zunker,R"]
[Black "Welling,G"]
[Result "1-0"]
[WhiteElo "2170"]
[BlackElo "2322"]

1.c4 c6 2.Nc3 d5 3.e3 Nf6 4.d4 g6 5.Nf3 Bg7 6.Be2 O-O 7.O-O a6 8.c5 Nbd7
9.Na4 Ne4 10.Ne1 e5 11.f3 Nef6 12.Bd2 exd4 13.exd4 Re8 14.Nc2 Qc7 15.Re1 Nf8
16.Nb6 Rb8 17.Bd3 Ne6 18.Ba5 Qe7 19.Bd2 Qf8 20.b4 Nd7 21.Nxc8 Rbxc8 22.Be3 Bh6
23.Bf2 Bf4 24.g3 Bc7 25.Bf1 f5 26.Qd3 Qh6 27.Re2 Nf6 28.Rae1 Kf7 29.Bg2 Qh5
30.a4 Ng5 31.Rxe8 Rxe8 32.Rxe8 Kxe8 33.h4 Ne6 34.b5 axb5 35.axb5 Qh6 36.f4 Ne4
37.Ne1 Nxf2 38.Kxf2 Bxf4 39.Nf3 Bxg3+ 40.Kxg3  1-0

[Event "50th TCh-DEN XtraCon 2011-12"]
[Site "Denmark DEN"]
[Date "2011.10.30"]
[Round "2.7"]
[White "Jacobsen,Bo"]
[Black "Holmsgaard,H"]
[Result "1-0"]
[WhiteElo "2317"]
[BlackElo "2320"]

1.c4 c6 2.Nf3 d5 3.g3 Bg4 4.Bg2 Nd7 5.cxd5 cxd5 6.Qa4 Bxf3 7.exf3 Nf6 8.f4 e6
9.Nc3 Be7 10.O-O O-O 11.d4 Nb6 12.Qc2 Qd7 13.Bh3 g6 14.g4 Rfe8 15.f5 exf5
16.gxf5 Bf8 17.Qd3 Qc6 18.fxg6 hxg6 19.f4 Bg7 20.f5 Ne4 21.Kh1 Nd7 22.fxg6 Qxg6
23.Bf5 Qc6 24.Qh3 Nf8 25.Bf4 Re7 26.Rac1 Nxc3 27.Rxc3 Qe8 28.Qh4 Re4 29.Rh3 Rxf4
30.Rxf4 Qe2 31.Bh7+ Nxh7 32.Qxh7+ Kf8 33.Rhf3  1-0

[Event "50th TCh-DEN XtraCon 2011-12"]
[Site "Denmark DEN"]
[Date "2011.10.30"]
[Round "2.6"]
[White "Hoi,C"]
[Black "Pedersen,F"]
[Result "0-1"]
[WhiteElo "2372"]
[BlackElo "2285"]

1.c4 c6 2.Nf3 d5 3.e3 Nf6 4.Nc3 e6 5.b3 Bd6 6.Bb2 O-O 7.d4 Ne4 8.Nxe4 dxe4
9.Nd2 f5 10.Be2 c5 11.dxc5 Bxc5 12.Qc2 Nc6 13.a3 a5 14.g3 b6 15.Rd1 Qe7 16.Qc1 Bb7
17.O-O e5 18.Nb1 f4 19.Bg4 Bc8 20.Bxc8 Raxc8 21.gxf4 exf4 22.Kh1 Ne5 23.Bxe5 Qxe5
24.Nc3 Qh5 25.Rg1 fxe3 26.Rd7 Qf3+ 27.Rg2 exf2 28.Rxg7+ Kh8 29.Qf1 Rg8  0-1

[Event "15th OIBM"]
[Site "Bad Wiessee GER"]
[Date "2011.11.01"]
[Round "4.14"]
[White "Rosen,B"]
[Black "Ernst,S"]
[Result "0-1"]
[WhiteElo "2361"]
[BlackElo "2581"]

1.c4 c6 2.Nf3 d5 3.g3 Nf6 4.Bg2 dxc4 5.O-O Nbd7 6.Na3 Nb6 7.Qc2 Qd5 8.Nh4 Qe6
9.Re1 g6 10.b3 cxb3 11.axb3 Bg7 12.Bb2 O-O 13.e4 Rd8 14.d4 Ne8 15.Rad1 Qd6
16.Nb1 Qc7 17.h3 a5 18.Nf3 a4 19.Rc1 axb3 20.Qxb3 Na4 21.Ng5 e6 22.e5 Bh6
23.h4 Nxb2 24.Qxb2 Ra4 25.Rcd1 Qa5 26.Nf3 Ra2 27.Qc3 Bf8 28.Qe3 c5 29.Nbd2 cxd4
30.Nxd4 Ra3 31.Qf4 Ra4 32.N2f3 Be7 33.Qc1 Qb6 34.Qc2 Rb4 35.Rb1 Nc7 36.Rxb4 Bxb4
37.Rb1 Nd5 38.Qc1 Qc5 39.Qg5 Qf8 40.Nh2 h6 41.Qg4 Nc3 42.Rb2 Bc5 43.Nb3 Ba7
44.Qc4 Nd1 45.Ra2 b5 46.Qf4 Nc3 47.Rd2 h5 48.g4 Bb6 49.gxh5 Rxd2 50.Qxd2 Qb4
51.hxg6 Qxb3 52.gxf7+ Kxf7  0-1

[Event "II Latin American Cup"]
[Site "Montevideo URU"]
[Date "2011.11.02"]
[Round "3.21"]
[White "Iturrizaga,E"]
[Black "Cordero,D"]
[Result "1-0"]
[WhiteElo "2656"]
[BlackElo "2062"]

1.c4 c6 2.Nc3 d5 3.d4 Nf6 4.Nf3 a6 5.a4 e6 6.g3 Nbd7 7.Bg2 Be7 8.O-O O-O
9.Qc2 Re8 10.Rd1 Qa5 11.c5 e5 12.dxe5 Ng4 13.b4 Qc7 14.Bf4 Ngxe5 15.Nxe5 Nxe5
16.Bxd5 cxd5 17.Nxd5  1-0

[Event "15th OIBM"]
[Site "Bad Wiessee GER"]
[Date "2011.11.03"]
[Round "6.13"]
[White "Rivas Pastor,M"]
[Black "Welling,G"]
[Result "1-0"]
[WhiteElo "2559"]
[BlackElo "2322"]

1.c4 c6 2.d4 d5 3.Nf3 Nf6 4.Qc2 g6 5.Bf4 Bg7 6.e3 O-O 7.Nc3 Be6 8.h3 dxc4
9.Ng5 Qc8 10.Be2 Na6 11.Nxe6 Qxe6 12.Qa4 Nd5 13.Bxc4 Bxd4 14.Bxa6 Bxc3+ 15.bxc3 bxa6
16.O-O Nxf4 17.exf4 Qf6 18.Rfe1 Rfd8 19.Re5 Rd6 20.g3 e6 21.Qxa6 Qd8 22.Rb1 Rb8
23.Ree1 Rxb1 24.Rxb1 Rd1+ 25.Rxd1 Qxd1+ 26.Kh2 Qd7 27.h4 h5 28.a4 Kf8 29.Qa5 Ke8
30.Qc5 Qb7 31.a5 Qa6 32.c4 Qb7 33.Qd6 Qc8 34.Qe5 Qa6 35.Qc7 Kf8 36.Kg2 Kg8
37.Kg1 Kg7 38.Kh2 Kg8 39.Kg2 Kg7 40.Qe5+ Kg8 41.Qb8+ Kg7 42.Qb2+ Kg8 43.Qb4 Kg7
44.Kf3 Qc8 45.Ke3 Kg8 46.Qd6 Qb7 47.Kd4 Qb2+ 48.Kc5 Qxf2+ 49.Kxc6 Qxg3 50.c5  1-0

[Event "15th OIBM"]
[Site "Bad Wiessee GER"]
[Date "2011.11.03"]
[Round "6.15"]
[White "Hertneck,G"]
[Black "Berchtenbreiter,M"]
[Result "0-1"]
[WhiteElo "2547"]
[BlackElo "2290"]

1.c4 c6 2.d4 d5 3.Nf3 Nf6 4.Nc3 a6 5.c5 Nbd7 6.Bf4 g6 7.e3 Bg7 8.h3 O-O 9.Be2 Ne8
10.b4 f6 11.O-O e5 12.Bh2 e4 13.Nd2 f5 14.Nb3 Nc7 15.a4 Ne6 16.Qd2 Bh6 17.b5 f4
18.Bg4 Nf6 19.Bxe6+ Bxe6 20.Bxf4 Bxf4 21.exf4 Nh5 22.Ne2 axb5 23.axb5 cxb5
24.Rxa8 Qxa8 25.Qa5 Qb8 26.Qxb5 Nxf4 27.Nxf4 Qxf4 28.Qe2 Qg5 29.Qe3 Qh4 30.Na5 Rf7
31.Rb1 Bxh3 32.c6 bxc6 33.Qxh3 Qxf2+ 34.Kh2 Rf5 35.Rb8+ Kg7 36.Rb7+ Kf6 37.Rxh7 e3
38.Nxc6 e2 39.Rf7+ Kg5 40.Rxf5+ gxf5 41.Ne5 e1=Q 42.Nf3+ Qxf3 43.gxf3 Kf4
44.Qh6+ Kxf3 45.Qh3+ Ke4 46.Qg2+ Kxd4 47.Qb2+ Qc3 48.Qf2+ Qe3 49.Qb2+ Ke4
50.Qb1+ Kf3 51.Qh1+ Ke2  0-1

[Event "II Latin American Cup"]
[Site "Montevideo URU"]
[Date "2011.11.04"]
[Round "5.56"]
[White "Arias,Jo URU"]
[Black "Ledesma,Sebastian"]
[Result "1/2-1/2"]
[WhiteElo "2151"]
[BlackElo "1908"]

1.c4 c6 2.d4 d5 3.Nc3 Nf6 4.Bg5 e6 5.e3 Nbd7 6.cxd5 exd5 7.Nf3 Bd6 8.Bd3 O-O
9.O-O h6 10.Bh4 Re8 11.Qc2 Qb6 12.a3 a5 13.Rab1 Qa7 14.b4 b6 15.e4 dxe4 16.Nxe4 Nxe4
17.Bxe4 Bb7 18.Bxc6 Bxc6 19.Qxc6 Re6 20.Qc4 axb4 21.axb4 Qa2 22.Qb5 Qa4 23.Qd5 Ra7
24.b5 Qa2 25.Qxa2 Rxa2  1/2-1/2

[Event "II Latin American Cup"]
[Site "Montevideo URU"]
[Date "2011.11.04"]
[Round "5.4"]
[White "Iturrizaga,E"]
[Black "Alonso,S"]
[Result "1/2-1/2"]
[WhiteElo "2656"]
[BlackElo "2483"]

1.c4 c6 2.d4 d5 3.Nc3 Nf6 4.e3 g6 5.Nf3 Bg7 6.Be2 O-O 7.O-O Be6 8.b3 Ne4
9.Bb2 Nd7 10.Rc1 Nxc3 11.Bxc3 Nf6 12.cxd5 cxd5 13.Bb4 Ne4 14.Ne5 Bf6 15.Nd3 a5
16.Ba3 Rc8 17.Nc5 Nxc5 18.dxc5 Qc7 19.Qd2 Rfd8 20.Bb2 Bxb2 21.Qxb2 Bf5 22.Rfd1 e5
23.a3 Qe7 24.b4 axb4 25.axb4 d4 26.exd4 exd4 27.Bd3 Bxd3 28.Rxd3 b6 29.Rxd4 bxc5
30.Rxd8+ Qxd8 31.b5 c4 32.h3 Qb6 33.Qb4 c3 34.Rxc3  1/2-1/2

[Event "II Latin American Cup"]
[Site "Montevideo URU"]
[Date "2011.11.04"]
[Round "6.72"]
[White "Lallana,Daniel"]
[Black "Solari,P"]
[Result "1-0"]
[WhiteElo "2003"]
[BlackElo "1663"]

1.c4 c6 2.d4 d5 3.e3 Nf6 4.Nc3 a6 5.Nf3 Bf5 6.c5 e6 7.b3 b5 8.Bd3 Bxd3 9.Qxd3 g6
10.Nd2 Bg7 11.Bb2 Nbd7 12.e4 O-O 13.e5 Ne8 14.h4 Qc7 15.f4 Bh6 16.Ne2 f5
17.Nf3 Rf7 18.h5 Rg7 19.hxg6 Rxg6 20.Nh4 Bg7 21.Nxg6 hxg6 22.Bc3 a5 23.a3 a4
24.b4 Kf7 25.O-O-O Ke7 26.Qg3 Nf8 27.Rh3 Kd7 28.Rdh1 Qd8 29.Be1 Qe7 30.Qe3 Kc7
31.Bh4 Qf7 32.Bg5 Kb7 33.Ng1 Ka6 34.Nf3 Rc8 35.Bh4 Bh6 36.Bf2 Bg7 37.Ng5 Qg8
38.Qg3 Rc7 39.Qh2 Re7 40.Nh7 Nd7 41.Bh4 Rf7 42.Bd8 Nd6 43.cxd6 Qxd8 44.Ng5 Qe8
45.Nxf7 Qxf7 46.Rc3 Kb7 47.Qh4 Bf8 48.Qd8 Nb6 49.Rh8  1-0

[Event "II Latin American Cup"]
[Site "Montevideo URU"]
[Date "2011.11.05"]
[Round "7.4"]
[White "Flores,Di"]
[Black "Alonso,S"]
[Result "1-0"]
[WhiteElo "2602"]
[BlackElo "2483"]

1.c4 c6 2.Nf3 d5 3.e3 Nf6 4.Nc3 g6 5.d4 Bg7 6.Be2 O-O 7.h3 b6 8.O-O Bb7 9.cxd5 cxd5
10.b4 Ne4 11.Bb2 Nxc3 12.Bxc3 Nd7 13.b5 a5 14.Qb3 Qb8 15.Rac1 Rc8 16.Bb2 e6
17.Ba3 Rxc1 18.Rxc1 Qd8 19.Bd6 Rc8 20.Rxc8 Qxc8 21.Bd3 Qc1+ 22.Kh2 Bf8 23.Bf4 f6
24.g4 g5 25.Bg3 h6 26.Bc2 Qa3 27.Qb1 Bd6 28.Bh7+ Kh8 29.Qg6 Bxg3+ 30.Kxg3 Qf8
31.Qc2 Qc8 32.Qxc8+ Bxc8 33.Bd3 Kg7 34.Nd2 Kf8 35.f4 Ke7 36.Nf3 Kd6 37.h4 gxf4+
38.exf4 Ke7 39.g5 hxg5 40.fxg5 fxg5 41.hxg5 Nf8 42.Kh4 Kf7 43.Kh5 Kg7 44.Ne5 Bd7
45.g6 Be8 46.Kg5 Bd7 47.a3 Be8 48.a4 Bd7 49.Bc2 Be8 50.Bd3 Bd7 51.Be2 Be8
52.Bh5 Bd7 53.Nd3 Bc8 54.Nf4 e5 55.dxe5 Ne6+ 56.Nxe6+ Bxe6 57.Be2 d4 58.Bd3 Bb3
59.Kf5 Bxa4 60.e6 Bb3 61.e7 Bf7 62.gxf7 Kxf7 63.Ke5 Kxe7 64.Kxd4 Kd6 65.Bc4 Kc7
66.Kd5  1-0

[Event "15th OIBM"]
[Site "Bad Wiessee GER"]
[Date "2011.11.06"]
[Round "9.4"]
[White "Lenderman,A"]
[Black "Khenkin,I"]
[Result "1/2-1/2"]
[WhiteElo "2562"]
[BlackElo "2624"]

1.c4 c6 2.d4 d5 3.Nf3 e6 4.Qc2 Nf6 5.Nbd2 c5 6.dxc5 Na6 7.e3 Nxc5 8.cxd5 Nxd5
9.a3 Bd7 10.Ne5 Rc8 11.Nxd7 Qxd7 12.Nf3 Be7 13.Be2 O-O 14.O-O Qa4 15.Qxa4 Nxa4
16.Bd1 b5 17.Nd4 a6 18.Bxa4 bxa4 19.Bd2 Bf6 20.Rfc1 Bxd4 21.exd4 Rb8 22.Rc2 Rfc8
23.Rac1 Rxc2 24.Rxc2 Kf8 25.Kf1 Ke7 26.Ke2 Kd7 27.Kd1 Rc8  1/2-1/2

[Event "TCh-BEL 2011-12"]
[Site "Belgium BEL"]
[Date "2011.11.06"]
[Round "3.8"]
[White "Blagodarov,V"]
[Black "Bien,S"]
[Result "1/2-1/2"]
[WhiteElo "2113"]
[BlackElo "2116"]

1.c4 c6 2.g3 Nf6 3.Bg2 e6 4.Nf3 d5 5.b3 Be7 6.O-O O-O 7.Bb2 b6 8.Qc2 Bb7
9.d3 Nbd7 10.e4 dxe4 11.dxe4 Qc7 12.Nc3 Rfd8 13.Rad1 Nf8 14.Qe2 Rxd1 15.Rxd1 Rd8  1/2-1/2

[Event "US Chess League 2011 Playoff"]
[Site "ICC INT"]
[Date "2011.11.07"]
[Round "1"]
[White "Amanov,Z"]
[Black "Bhat,V"]
[Result "1-0"]
[WhiteElo "2411"]
[BlackElo "2511"]

1.c4 c6 2.Nf3 d5 3.g3 Nf6 4.Bg2 g6 5.b3 Bg7 6.Bb2 O-O 7.d3 Bg4 8.Nbd2 Nbd7
9.O-O Re8 10.h3 Bxf3 11.Nxf3 Qb6 12.Qc2 a5 13.Rab1 e5 14.e3 Rad8 15.Bc3 c5
16.Rfe1 Qa6 17.a3 b6 18.cxd5 Nxd5 19.Bb2 Qc8 20.Rbd1 Nf8 21.Qb1 Qc7 22.Qa1 f6
23.Nd2 Qf7 24.Nc4 Qc7 25.d4 exd4 26.exd4 Rxe1+ 27.Rxe1 cxd4 28.Bxd4 b5 29.Ne3 Nxe3
30.Rxe3 Rd6 31.Re1 h5 32.h4 Qf7 33.Qc3 Ne6 34.Be3 a4 35.bxa4 bxa4 36.Qc4 Nd4
37.Qxa4 f5 38.Bf4 Rd7 39.Qa6 Kh7 40.Bg5 Nc2 41.Re2 Nd4 42.Re3 Ra7 43.Qd6 Rd7
44.Qb6 Nc2 45.Rb3 Nd4 46.Rb1 f4 47.gxf4 Ne2+ 48.Kh1 Nxf4 49.Be4 Nd3 50.Be3 Ne5
51.Rg1 Bf6 52.Qb5 Kg7 53.f3 Re7 54.Bd4 Ng4 55.Qb2 Ne5 56.a4 Re6 57.Bd5 Nxf3
58.Bxf3 Kh7 59.Bxf6 Rxf6 60.Be4 Qe7 61.Qg2 Re6 62.Bxg6+ Kh6 63.Qg5+ Qxg5
64.Rxg5 Re1+ 65.Kg2 Ra1 66.Be8  1-0

[Event "FSGM November"]
[Site "Budapest HUN"]
[Date "2011.11.12"]
[Round "8"]
[White "Czebe,A"]
[Black "Battey,A"]
[Result "1/2-1/2"]
[WhiteElo "2503"]
[BlackElo "2336"]

1.c4 c6 2.Nf3 Nf6 3.g3 d5 4.Bg2 g6 5.b3 Bg7 6.Bb2 O-O 7.O-O Bg4 8.d3 Nbd7
9.Qc2 Rc8 10.e4 Ne8 11.Nc3 d4 12.Ne2 e5 13.h3 Be6 14.Nxe5 Bxe5 15.f4 Bc7
16.f5 Ng7 17.fxe6 Nxe6 18.h4 Ne5 19.Bh3 Qe7 20.Kg2 Rcd8 21.Bxe6 Qxe6 22.Nxd4 Qd7
23.c5 Ng4 24.Rf3 Ne5  1/2-1/2

[Event "US Chess League 2011 Playoff"]
[Site "ICC INT"]
[Date "2011.11.14"]
[Round "2"]
[White "Krush,I"]
[Black "Bartholomew,J"]
[Result "1-0"]
[WhiteElo "2476"]
[BlackElo "2437"]

1.c4 c6 2.Nf3 d5 3.e3 Nf6 4.Nc3 e6 5.b3 Bd6 6.Bb2 O-O 7.d4 Nbd7 8.Be2 b6
9.O-O Bb7 10.Rc1 Qe7 11.Qc2 Rac8 12.Rfd1 Rfd8 13.Qb1 a6 14.Bd3 h6 15.h3 Re8
16.Be2 Rcd8 17.Qc2 dxc4 18.bxc4 e5 19.c5 bxc5 20.dxe5 Nxe5 21.Na4 c4 22.Nxe5 Bxe5
23.Bxe5 Qxe5 24.Qxc4 Ne4 25.Rxd8 Rxd8 26.Bd3 c5 27.Bxe4 Bxe4 28.Nxc5 Bd5
29.Qc2 Rc8 30.a3 Qg5 31.f4 Qe7 32.Qc3 Qh4 33.Qd2 Qg3 34.Qf2 Qg6 35.Rc3 Rb8
36.Kh2 Qb1 37.Rc2 Rc8 38.Qd2 Re8 39.Rc1 Qf5 40.Nxa6 Qe6 41.Nc7 Qxe3 42.Qxe3 Rxe3
43.Nxd5 Rxa3 44.g4 Rd3 45.Rc8+ Kh7 46.Rd8 Ra3 47.Rd7 Kg8 48.Kg2 Rb3 49.Ne7+ Kh7
50.Nf5 Kg8 51.Nd6 f6 52.Ne8 Rb2+ 53.Kf3 Rb3+ 54.Ke4 Rxh3 55.Nxg7 Ra3 56.Kf5 Ra6
57.Nh5  1-0

[Event "5th Mediterranean Open"]
[Site "Rijeka CRO"]
[Date "2011.11.14"]
[Round "4.8"]
[White "Berescu,A"]
[Black "Haznedaroglu,K"]
[Result "0-1"]
[WhiteElo "2501"]
[BlackElo "2426"]

1.c4 c6 2.e4 d5 3.cxd5 cxd5 4.exd5 Nf6 5.Nc3 g6 6.Bb5+ Nbd7 7.Nf3 a6 8.Qa4 Bg7
9.O-O O-O 10.Bxd7 Bxd7 11.Qb3 b5 12.d4 Qb6 13.Re1 b4 14.Bg5 Qa5 15.Bxf6 Bxf6
16.Ne4 Ba4 17.Qe3 Qxd5 18.Nxf6+ exf6 19.Qe7 Qf5 20.Qxb4 Bc6 21.Qc5 Bd5 22.Ne5 Bxg2
23.Nxf7 Qh3 24.Nh6+ Kh8 25.Qd6 Bb7 26.d5 Qxh6  0-1

[Event "Russian Cup Final KO"]
[Site "Magnitogorsk RUS"]
[Date "2011.11.16"]
[Round "2.4"]
[White "Maletin,P"]
[Black "Kovalenko,I"]
[Result "0-1"]
[WhiteElo "2568"]
[BlackElo "2584"]

1.c4 c6 2.Nf3 d5 3.d4 Nf6 4.Qb3 e6 5.g3 Be7 6.Bg2 O-O 7.O-O b6 8.Bf4 a5 9.Nbd2 Ba6
10.Ne5 Nfd7 11.Nd3 Bf6 12.e3 Ra7 13.Rfd1 Qe7 14.Rac1 g5 15.Be5 Rd8 16.Bxf6 Qxf6
17.Qc3 Nf8 18.Ne5 Ng6 19.e4 Nxe5 20.dxe5 d4 21.Qb3 Qxe5 22.Qxb6 Qc7 23.Qc5 e5
24.Nf3 f6 25.Bh3 Qe7 26.Qxe7 Rxe7 27.Ne1 c5 28.Nd3 Bc8 29.Bxc8 Rxc8 30.Re1 Na6
31.a3 Rb8 32.Rcd1 Rb3 33.Rd2 Kf7 34.f3 Ke6 35.Kf2 h5 36.Ke2 Rh7 37.Kd1 h4
38.Kc2 a4 39.f4 hxg3 40.hxg3 gxf4 41.gxf4 exf4 42.Nxf4+ Kd6 43.Nd3 Nb8 44.Rf1 Nd7
45.Rf5 Rb8 46.Rd5+ Kc6 47.e5 fxe5 48.Rg2 e4 49.Nxc5 Nxc5 50.Rg6+ Kb7 51.Rxc5 Rd8
52.Rb5+ Kc8 53.Rc5+ Rc7 54.Rxc7+ Kxc7 55.Re6 d3+ 56.Kd2 Rd4 57.c5 Kd7 58.Re5 Kc6
59.Re8 Kxc5 60.Rc8+ Kb5 61.Rc1 Rc4 62.Re1 Rc2+ 63.Ke3 Re2+ 64.Rxe2 dxe2 65.Kxe2 Kc4
66.Ke3 Kd5 67.Ke2 Kd4 68.Kd2 e3+  0-1

[Event "Russian Cup Final KO"]
[Site "Magnitogorsk RUS"]
[Date "2011.11.16"]
[Round "2.2"]
[White "Maletin,P"]
[Black "Kovalenko,I"]
[Result "1-0"]
[WhiteElo "2568"]
[BlackElo "2584"]

1.c4 c6 2.Nf3 d5 3.e3 Nf6 4.Nc3 e6 5.Qc2 Nbd7 6.b3 b6 7.Be2 Bb7 8.Bb2 Rc8
9.d4 Bb4 10.a3 Bxc3+ 11.Qxc3 O-O 12.Rd1 Qe7 13.O-O c5 14.cxd5 Nxd5 15.Qd3 Rfd8
16.Rc1 N5f6 17.Rfd1 h6 18.Qb1 cxd4 19.Nxd4 Nc5 20.b4 Be4 21.Qa1 Na4 22.b5 Qb7
23.Nc6 Rxd1+ 24.Bxd1 Nxb2 25.Ne7+ Kh7 26.Nxc8 Nd3 27.Nd6 Qd5 28.Nxe4 Nxe4
29.Rc2 Qxb5 30.Be2 Qb3 31.Bxd3 Qxd3 32.Rc7 Kg6 33.Rxa7 Qd2 34.Qf1 h5 35.Rb7 Qb2
36.h3 Nc5 37.Ra7 Qc2 38.Rc7 Qb2 39.a4 Ne4 40.Rd7 Nc5 41.Rd4 e5 42.Rd6+ f6
43.Rc6 Qb4 44.Rc7 Qxa4 45.Qb1+ e4 46.Rc8 Qa5 47.Rc6 Nd3 48.Rxb6 Qd2 49.Qf1 h4
50.Re6 Kf5 51.Re7 g5 52.g4+ Kg6 53.Rxe4 Ne1 54.f4 Qd5 55.Qc4 Qd8 56.Kf2 Nd3+
57.Kf1 Nc5 58.Rd4 Qf8 59.Rd5 Nb7 60.Qd3+  1-0

[Event "21st World Seniors"]
[Site "Rijeka CRO"]
[Date "2011.11.17"]
[Round "3.8"]
[White "Cebalo,M"]
[Black "Lederman,L"]
[Result "1/2-1/2"]
[WhiteElo "2446"]
[BlackElo "2267"]

1.c4 c6 2.g3 d5 3.Nf3 Nf6 4.Bg2 Bf5 5.cxd5 cxd5 6.Qb3 Qb6 7.Qxb6 axb6 8.Nc3 Bd7
9.d3 e6 10.O-O Bc6 11.Bf4 Nbd7 12.a3 Be7 13.b4 Nf8 14.Ne5 Ng6 15.Nxg6 hxg6
16.e4 O-O 17.b5 Bd7 18.exd5 exd5 19.Bxd5 Nxd5 20.Nxd5 Bc5 21.d4 Bxd4 22.Rad1 Bc5
23.Nxb6 Bxb5 24.Nxa8 Bxf1 25.Kxf1 Rxa8 26.Bc1  1/2-1/2

[Event "5th Mediterranean Open"]
[Site "Rijeka CRO"]
[Date "2011.11.17"]
[Round "7.9"]
[White "Jovanic,O"]
[Black "Glavas,D"]
[Result "1-0"]
[WhiteElo "2476"]
[BlackElo "2320"]

1.c4 c6 2.e4 d5 3.exd5 cxd5 4.d4 Nf6 5.Nc3 Nc6 6.Bg5 Be6 7.Be2 h6 8.Bxf6 exf6
9.a3 Qd7 10.Bf3 Ne7 11.Nge2 dxc4 12.d5 Bf5 13.O-O Nc8 14.Nd4 Bd6 15.Nxf5 Qxf5
16.Bg4 Bxh2+ 17.Kxh2 Qe5+ 18.f4 Qd6 19.Ne4 Qb8 20.Bxc8  1-0

[Event "WYCC U14 Open"]
[Site "Caldas Novas BRA"]
[Date "2011.11.18"]
[Round "1"]
[White "Tuarez,F"]
[Black "Krishnan,V"]
[Result "0-1"]
[WhiteElo "1623"]
[BlackElo "2108"]

1.c4 c6 2.Nf3 d5 3.b3 Nf6 4.Bb2 Bg4 5.d4 e6 6.Nbd2 Ne4 7.a3 Nd7 8.g3 Bd6
9.Bg2 O-O 10.O-O Qe7 11.c5 Bc7 12.b4 e5 13.dxe5 Nxe5 14.h3 Bh5 15.Re1 Nc4
16.Nxc4 dxc4 17.Qc2 b5 18.cxb6 Bxb6 19.Nd4 Nxf2 20.Kxf2 Qf6+ 21.Kg1 Bxd4+
22.Bxd4 Qxd4+ 23.Kh2 Bg6 24.e4 a5 25.Rad1 Qe5 26.Qxc4 axb4 27.axb4 Ra3 28.Rd3 Rxd3
29.Qxd3 h5 30.h4 Rb8 31.Qc4 Rd8 32.Rc1 Rd2 33.Rc2 Rd6 34.Ra2 Rd4 35.Qxc6 Rd3
36.Qc8+ Kh7 37.Qh3 Qd4 38.Ra5 Rd2 39.Rd5 Qxb4 40.Qd7 Rf2 41.Qh3 Qxe4 42.Kg1 Qe3
43.Kh1 Rxg2  0-1

[Event "Russian Cup Final KO"]
[Site "Magnitogorsk RUS"]
[Date "2011.11.18"]
[Round "3.4"]
[White "Zvjaginsev,V"]
[Black "Kovalenko,I"]
[Result "1-0"]
[WhiteElo "2680"]
[BlackElo "2584"]

1.c4 c6 2.Nf3 d5 3.e3 Nf6 4.Nc3 g6 5.d4 Bg7 6.Be2 O-O 7.O-O Bg4 8.cxd5 cxd5
9.Qb3 Bc8 10.Bd2 Nc6 11.Rac1 Rb8 12.Rfd1 Be6 13.Be1 Bg4 14.Ne5 Bxe2 15.Nxe2 Qd6
16.Nxc6 bxc6 17.Qc2 Ng4 18.Ng3 Rfc8 19.Nf1 e5 20.h3 Nh6 21.dxe5 Bxe5 22.Bc3 Qf6
23.Bxe5 Qxe5 24.b3 Nf5 25.Nh2 Qe6 26.Qc5 Rb5 27.Qxa7 c5 28.Nf3 Qc6 29.Ne5 Qe8
30.Rxd5 Ra8 31.Qc7 Rbb8 32.Rdxc5 Rc8 33.Qxc8  1-0